000 00619nam a22002177a 4500
003 OSt
005 20160630141331.0
008 160630b xxu||||| |||| 00| 0 eng d
020 _a0435465279
040 _c040a
082 _aWA 4
_bB94s 2007
100 _aBurgess, Colette
_99776
245 _aHealth and social care :
_beasy steps /
_cColette Burgess, Nicki Pritchatt, Colin Shaw
260 _aLondon
_bHeinemann
_c2007
300 _axv, 339p;
_bcol.ill ;
_c18 cm.
504 _aIncludes index
650 _aHealth care
_912
700 _aPritchatt, Nicki
_99777
700 _aShaw, Colin
_99778
942 _2z
_cO_SHELF
999 _c4563
_d4563